Protestant versus Catholic in Mid-Victorian England : Mr. Newdegate and the nuns /

Bibliographic Details
Main Author: Arnstein, Walter L.
Format: Book
Language:English
Published: Columbia : University of Missouri Press, 1982.
Subjects:

MARC

Tag First Indicator Second Indicator Subfields
LEADER 00000pam a2200000 a 4500
001 in00000086083
005 20151008064440.0
008 810709s1982 moua b s00110 eng
010 |a  81011451  
020 |a 082620354X 
035 |a (OCoLC)07653518 
035 |9 AAK4193AM 
039 0 |a 2  |b 3  |c 3  |d 3  |e 3 
040 |a DLC  |c DLC  |d TXA  |d UtOrBLW 
043 |a e-uk-en  |a e-uk--- 
049 |a TXAM  |c [1362027] 
050 0 0 |a BX1493  |b .A86 
082 0 |a 274.2/081  |2 19 
100 1 |a Arnstein, Walter L. 
245 1 0 |a Protestant versus Catholic in Mid-Victorian England :  |b Mr. Newdegate and the nuns /  |c Walter L. Arnstein. 
264 1 |a Columbia :  |b University of Missouri Press,  |c 1982. 
300 |a viii, 271 pages :  |b illustrations ;  |c 22 cm. 
336 |a text  |b txt  |2 rdacontent 
337 |a unmediated  |b n  |2 rdamedia 
338 |a volume  |b nc  |2 rdacarrier 
500 |a Includes index. 
504 |a Bibliography: pages 253-262. 
600 1 0 |a Newdegate, Charles Newdigate,  |d 1816-1887. 
650 0 |a Anti-Catholicism  |z England  |x History  |y 19th century. 
651 0 |a England  |x Church history  |y 19th century. 
651 0 |a Great Britain  |x Politics and government  |y 1837-1901. 
999 |a MARS 
999 f f |s 7b9c23e5-ef5e-30ab-a7ff-108abf990b6b  |i fd1fabc7-f6ae-3657-97b9-5f13b199ac5a  |t 0 
952 f f |p ric  |a Texas A&M University  |b Rellis Campus  |c Joint Library Facility  |d Remote Storage  |t 0  |e BX1493 .A86  |h Library of Congress classification  |i unmediated -- volume  |m A14806092654 
998 f f |a BX1493 .A86  |t 0  |l Remote Storage